Представление документа в формате RUSMARC

ПолеНазваниеЗначение
  Тип записи a
  Библиографический уровень a
001 Контрольный номер RU/CBS_Ul/BASE/451481566
005 Дата корректировки 20240209175103.9
100 Данные общей обработки __
a Данные общей обработки 20140422d2014 ||| 0rusy0179 ca
101 Язык документа 0_
a Язык текста rus
102 Страна публикации __
a Страна публикации RU
105 Кодированные данные (монография) __
a Кодированные данные (монография) y###||||000|y
200 Заглавие и сведения об ответственности 1_
a Заглавие Наследники Маркова. В марте 2014 года Димитровградский краеведческий музей отметил 50-летний юбилей
b Общее обозначение материала Текст
e Сведения, относящиеся к заглавию [музей расположен в здании, построенном благотворителем и меценатом Ф. Марковым, а инициатором создания музея стал Н. Марков]
300 Общие примечания __
a Общие примечания Ограничения по возрасту 12 +
461 Уровень набора _0
1 2000
a Мономах
463 Уровень физической единицы _0
1 001RU/CBS_Ul/BASE/451478501
1 2000
a №2
v С. 24
1 210
d 2014
600 Персоналии __
a Персоналии (Фамилия) Марков
b Персоналии (Имя, инициалы) Ф. Г.
606 Тематические рубрики __
a Основная рубрика Димитровградский краеведческий музей (Ульяновская область)
y Географическая подрубрика Димитровград, город (Ульяновская область)
610 Ключевые слова 0_
a Ключевые слова Димитровградский краеведческий музей
a Ключевые слова краеведческие музеи
a Ключевые слова музеи
686 Индексы других классификаций __
a Классификационный индекс 79
2 Код системы ББК
801 Источник записи _0
a Страна RU
b Организация МБУК ЦБС г. Ульяновска
c Дата составления 20140422
g Правила каталогизации RCR
801 Источник записи _1
a Страна RU
b Организация МБУК ЦБС г. Ульяновска
c Дата составления 20140422
g Правила каталогизации RCR
900 Электронные ресурсы __
a Имя электронного ресурса Наследники Маркова. В марте 2014 года Димитровградский краеведческий музей отметил 50-летний юбилей
901 Тип документа __
t Тип документа b
w Контрольный № источника RU/CBS_Ul/BASE/451478501
910 Корректоры записи __
a Корректор записи Нецеевский
938 Служебная информация __
a Имя БД kraeved